Movies Quiz

Random Movies or Color Quiz

A Movie Rainbow Quiz Stats

 Plays Quiz Updated May 3, 2017

Support Sporcle.
Go Orange.
Score 0/21 Timer 07:00
1 Play Today
% Correct
WALL·E
77.7%
Life of Pi
76.8%
The Martian
76.8%
Fantastic Mr. Fox
74.2%
Her
64.6%
2001: A Space Odyssey
57.8%
Amélie
56%
The Color Purple
55.3%
Ex Machina
53.1%
Guardians of the Galaxy
50%
The Grand Budapest Hotel
43.2%
% Correct
Scott Pilgrim vs. the World
42.1%
Birdman or (The Unexpected Virtue of Ignorance)
36.9%
Moonlight
36.8%
Mad Max: Fury Road
24.6%
There Will Be Blood
22.6%
Gravity
19.7%
The Machinist
19.3%
The Darjeeling Limited
18.3%
Only God Forgives
8.1%
It Follows
7.3%

You're not logged in!

Compare scores with friends on all Sporcle quizzes.
OR
Log In
Forgot?

From the Vault

Minefield Puzzle IV

by vikZ

If you think about it, the safest place in a minefield is a crater.
Remove Ads.
Support Sporcle.
Get the best of Sporcle when you Go Orange. This ad-free experience offers more features, more stats, and more fun while also helping to support Sporcle. Thank you for becoming a member.

Show Comments

Extras

Top Quizzes Today


Score Distribution

Your Account Isn't Verified!

In order to create a playlist on Sporcle, you need to verify the email address you used during registration. Go to your Sporcle Settings to finish the process.

Report this User

Report this user for behavior that violates our Community Guidelines.

Details: